1653 1050 1691 1129 1278 1021 1757 1644 1355 1076 1253 1416 1791 1183 1762 1923 1934 1210 1194 1525 1600 1644 1084 1807 1494 1394 1710 1052 1604 1318 1831 1781 1214 1389 1330 1882 1461 1287 1814 1986 1977 1055 1190 1186 1345 1159 1747 1941 1931 1370 1244 1190 1777 1251 1572 1899 1618 1235 1063 1603 1927 1584 1703 1633 1854 1895 1254 1804 1563 1622 1292 1684 1475 1719 1340 1946 1084 1939 1053 1420 1575 1005 1400 1862 1864 1098 1004 1065 1701 1016 1104 1306 1492 1976 1817 1452 1711 1222 1265 BCNSPRNW ULIB Ver.6.0+V

เปลี่ยนเป็นภาษาไทย

Change to English
 แสดงรายละเอียดบรรณานุกรม
  กลับหน้าหลัก

Brief Record : Get Marc (ISO 2709) : E-mail record : QR code < ปิดหน้าต่าง
LEADER : 00000nam 2200000uu 4500
001    13399122797
003     ULIB
008    130927s2552||||th 000 0 tha d
020    ^a9786117078040
090    นว.^bภ21ร
100 0  ^aภาคินัย
245 10 ^aโรงมหรศพ /^cภาคินัย [นามแฝง]
260    ^aกรุงเทพฯ :^bโซฟา พับลิชชิ่ง,^c2552
300    ^a269 หน้า
945    ^p200^l0^i034044
999    ^aเกษร โพธิ์สุวรรณ
รายการนี้ยังไม่มีแท็ก
คุณยังไม่ได้ล็อกอิน คุณสามารถมีกิจกรรมร่วมกับเว็บไซต์ได้ แต่ต้องล็อกอินก่อน ::
  ล็อกอิน

รายการสื่อสารสนเทศ

ลำดับที่ ประเภท เลขเรียก/บาร์โค้ด สถานที่ สถานะ
1. นวนิยาย
นวนิยาย
นว. ภ21ร ฉ.1 
  Barcode: 034044
ห้องสมุดวิทยาเขตสวรรค์ประชารักษ์
►นวนิยาย
ถูกยืม กำหนดส่งวันที่ 15 ธันวาคม 2559
  จอง

รายการใกล้เคียง
    ผู้แต่ง [ภาคินัย]

BibComment


ยังไม่เคยถูกคอมเมนท์

คอมเมนท์ทรัพยากรรายการนี้
  คอมเมนท์: โรงมหรศพ ภาคินั..


 Copyright 2026. Bcnsprnw @Library